00473nam a2200181 a 450000100060000000300090000600800410001502000150005604000280007108200170009910000240011624500120014026000380015230000110019049000470020165000220024865000210027023237CO-ViMGA141112s2004 ck r 000 u spa d a9584209922 aCO-ViMGAbspacCO-ViMGA04aPe863.5 V15c1 aValdelomar, Abraham10aCuentos aColombia : bEspasa Calpe, c2006 a190 p. aBiblioteca hispanoAméricana del siglo XX14aCuentos peruanos 14aMuerte - cuentos